Reflexiones sobre el ejercicio actual de la maternidad /

Guardado en:
Bibliografiske detaljer
Hovedforfatter: Vindas González, Adriana
Format: Texto
Tags: Tilføj Tag
Ingen Tags, Vær først til at tagge denne postø!

MARC

LEADER 00000 a a2200000 04500
001 46632
003
040
100 |a Vindas González, Adriana  
245 |a Reflexiones sobre el ejercicio actual de la maternidad /  |c Adriana Vindas González  
773 |g volumen29, número43 ( , 2010), páginas 47-55  
999 |c 29587  |d 29587